• 首页
  • 本馆介绍
  • 公告通知
  • 最新文献
  • 馆藏检索
  • 电子资源
  • 读者导购
  • 参考咨询
  • 我的图书馆
  • 登录
  • 详细信息显示
  • 放入我的书架
  • 预约/预借图书
  • 作者相关作品
  • 分类相关作品
  • 丛书相关作品
  • 出版社相关作品

书目信息

  • 表格格式
  • 工作单格式
  • 卡片格式
题名:
实用家具
    
 
作者: ;山西省二轻工业厅 编
分册:  
出版信息: 太原   山西人民出版社  1983.8
页数: 135页
开本: 21cm
丛书名:
单 册:
中图分类: TS654
科图分类:
主题词: 木材加工
电子资源:
ISBN:
000 00502nam0 2200181 45
001 0181011378
005 20060413105159.03
010    @dCNY1.80
100    @a20810111d km y0chiy0120 ea
101 0  @achi
200 1  @a实用家具@Ashi yong jia ju@f山西省二轻工业厅等编@Fshan xi sheng er qing gong ye
210    @a太原@c山西人民出版社@d1983.8
215    @a135页@d21cm
606 0  @a木材加工
690    @aTS654
711 0  @a山西省二轻工业厅@4编
801    @aCN@bTSTC@c20060413
905    @dTS654@e19@f2@b99627-28
    
    实用家具/山西省二轻工业厅等编.-太原:山西人民出版社,1983.8
    135页;21cm
    
    
    ISBN :CNY1.80
    
●
相关链接 在E读中查询图书 在五车中查询图书 在当当中查询图书 在豆瓣中查询图书


正题名:实用家具     索取号:TS654/19         预约/预借

序号 登录号 条形码 馆藏地/架位号 状态 备注
1 0099627   202257734   密集书库/ [索取号:TS654/19] 在馆    
2 0099628   202257690   密集书库/ [索取号:TS654/19] 在馆    
唐山师范学院图书馆 欢迎您!
大连网信软件有限公司© 版权所有